000 00535cam a2200205 4500
001 D9831
008 090401t1978 xxu||||| |||| 00| 0 eng d
035 _a(Sirsi) u22742
041 _aeng
050 _a692.2
100 _aWhyte, W.S.
245 4 _aThe Building Regulations explained and illustrated for residential buildings
250 _a5th metric
260 _aLondon
_bCrosby Lockwood Staples
_c1978
300 _ax. 300p. 24cm
350 _a8.95
700 _aPowell-Smith, Vincent
942 _n0
948 _c04/03/1997
999 _c88241
_d88241